Corporate Information Systems Management : The Issues Facing Senior Executives /

Enregistré dans:
Détails bibliographiques
Auteurs principaux: McKenney, James L (Auteur), Cash, James I., Jr (Auteur), McFarlan, Warren F (Auteur)
Format: Livre
Langue:anglais
Publié: Homewood, 1988
Édition:2.Ed.
Sujets:
Tags: Ajouter un tag
Pas de tags, Soyez le premier à ajouter un tag!

MARC

LEADER 00000nam a22000003a 4500
001 stu41939
005 20150617225719.0
008 940201s1988----xxu-----------------eng-d
020 |a 1-55623-084-2 
040 |a STU  |b slo 
041 0 |a eng 
044 |a xxu 
080 |a 681.3 
100 1 |a McKenney, James L  |4 aut 
245 1 |a Corporate Information Systems Management :  |b The Issues Facing Senior Executives /  |c [aut.]James I. Cash, Warren F. McFarlan, James L. McKenney 
250 |a 2.Ed. 
260 |a Homewood,  |c 1988 
300 |a 285 s 
650 7 |a systémy informačné  |2 stusub 
700 1 |a Cash, James I., Jr  |4 aut 
700 1 |a McFarlan, Warren F  |4 aut 
996 |b 284M026057  |c M*8469-1  |l MMKN  |s A  |a 24  |w stu41939_0001